[Event "Vecindario Montalvo Memorial 15th"]
[Site "Vecindario"]
[Date "2023.04.08"]
[Round "8"]
[White "Hernandez Guerra, Luna Yue"]
[Black "Hansen, Tobias Gotaas"]
[Result "1-0"]
[WhiteElo "1892"]
[BlackElo "1708"]
[PlyCount "87"]
[EventDate "2023.04.02"]
[EventType "swiss"]
[EventRounds "9"]
[EventCountry "ESP"]
[SourceTitle "CBM 213 Extra"]
[Source "ChessBase"]
[SourceDate "2023.05.31"]
[SourceVersion "1"]
[SourceVersionDate "2023.05.31"]
[SourceQuality "1"]

1. e4 e6 2. d4 d5 3. e5 c5 4. c3 Nc6 5. Nf3 Bd7 6. Bd3 cxd4 7. 0-0 Nge7 8. Re1 Rc8 9. h4 h6 10. h5 Qb6 11. a3 a5 12. Bc2 Qc7 13. Ra2 b5 14. Bd3 Qb6 15. Bd2 a4 16. Qe2 Rb8 17. Ra1 f6 18. cxd4 Nxd4 19. Nxd4 Qxd4 20. Bc3 Qf4 21. g3 Qg5 22. Nd2 Nf5 23. Nf1 Bc5 24. Kh2 fxe5 25. Bxe5 Nd4 26. Qd1 0-0 27. f4 Qd8 28. Qg4 Rf6 29. Rac1 Bb6 30. Kg2 Rc8 31. Rxc8 Bxc8 32. Bxf6 Qxf6 33. Ne3 Bb7 34. Kh3 Qf7 35. Bg6 Qf6 36. Nc2 Bc8 37. Nb4 Bb7 38. Nd3 Nf5 39. Ne5 Bd4 40. Bf7+ Kh8 41. Bxe6 Ne3 42. Qg6 Bxe5 43. Qe8+ Kh7 44. Qg8# 1-0

[Event "Vecindario Montalvo Memorial 15th"]
[Site "Vecindario"]
[Date "2023.04.02"]
[Round "2"]
[White "Hansen, Tobias Gotaas"]
[Black "Perez Perez, Gabriel"]
[Result "0-1"]
[WhiteElo "1708"]
[BlackElo "2185"]
[PlyCount "62"]
[EventDate "2023.04.02"]
[EventType "swiss"]
[EventRounds "9"]
[EventCountry "ESP"]
[SourceTitle "CBM 213 Extra"]
[Source "ChessBase"]
[SourceDate "2023.05.31"]
[SourceVersion "1"]
[SourceVersionDate "2023.05.31"]
[SourceQuality "1"]

1. e4 e5 2. Nf3 Nc6 3. Bb5 a6 4. Ba4 b5 5. Bb3 Na5 6. d4 exd4 7. Qxd4 Nxb3 8. axb3 d6 9. b4 Nf6 10. Nc3 Bb7 11. 0-0 Be7 12. Nd5 Nxd5 13. exd5 0-0 14. c3 Qd7 15. Bf4 Qf5 16. Rad1 Bf6 17. Qd2 Rfe8 18. Rfe1 h6 19. Bg3 g5 20. Kf1 g4 21. Ng1 Rxe1+ 22. Kxe1 Qe4+ 23. Kf1 Qc4+ 24. Qe2 Bxd5 25. Qxc4 Bxc4+ 26. Ke1 Re8+ 27. Kd2 Bd5 28. Ra1 Bg5+ 29. Kc2 Be4+ 30. Kd1 Bxg2 31. Rxa6 h5 0-1

[Event "Levanger Grand Prix A"]
[Site "Levanger"]
[Date "2018.09.09"]
[Round "7"]
[White "Langvik, Ulrikke"]
[Black "Hansen, Tobias Gotaas"]
[Result "1-0"]
[WhiteElo "1755"]
[BlackElo "1160"]
[PlyCount "31"]
[EventDate "2018.09.07"]
[EventType "swiss"]
[EventRounds "7"]
[EventCountry "NOR"]
[SourceTitle "EXT 2024"]
[Source "ChessBase"]
[SourceDate "2023.10.10"]
[SourceVersion "1"]
[SourceVersionDate "2023.10.10"]
[SourceQuality "1"]

1. d4 c5 2. c4 e6 3. Nf3 Nf6 4. Nc3 d5 5. e3 Nc6 6. b3 Bd7 7. Bb2 g6 8. cxd5 exd5 9. dxc5 Bg7 10. Nxd5 Nxd5 11. Bxg7 Rg8 12. Qxd5 Rxg7 13. 0-0-0 Ne7 14. Qd4 Nf5 15. Qe5+ Qe7 16. e4 1-0

[Event "NOR-ch Class5"]
[Site "Sarpsborg"]
[Date "2018.07.09"]
[Round "4"]
[White "Hansen, Tobias Gotaas"]
[Black "Tran, Tien Quoc"]
[Result "0-1"]
[WhiteElo "1185"]
[BlackElo "1092"]
[PlyCount "39"]
[EventDate "2018.07.07"]
[EventType "swiss"]
[EventRounds "9"]
[EventCountry "NOR"]
[SourceTitle "EXT 2024"]
[Source "ChessBase"]
[SourceDate "2023.10.10"]
[SourceVersion "1"]
[SourceVersionDate "2023.10.10"]
[SourceQuality "1"]

1. g3 d5 2. Bg2 c6 3. Nf3 Bf5 4. 0-0 Nf6 5. d4 e6 6. h3 h6 7. a3 Bd6 8. Nc3 Nbd7 9. Be3 0-0 10. Qd2 Kh7 11. Nh4 Ne4 12. Nxe4 Bxe4 13. Bxe4+ dxe4 14. c3 Nb6 15. Ng2 Nc4 16. Qc2 f5 17. Nf4 Nxe3 18. fxe3 Qe7 19. Qb3 Rf6 20. Rad1 0-1